Técnicas de Positivado en Color /

Kaydedildi:
Detaylı Bibliyografya
Yazar: Luppa, Vernon (autor)
Diğer Yazarlar: Smalwood, John (autor) (autor)
Materyal Türü: Kitap
Dil:İspanyolca
Konular:
Etiketler: Etiketle
Etiket eklenmemiş, İlk siz ekleyin!

MARC

LEADER 00000nam^a2200000^a^4500
001 000027958
005 20250521000000.0
009 20260310084830.889
020 |a 84-85902-48-3 
037 |a Acervo ITESO - Biblioteca 
041 |a ESP 
082 |a 770. 284  |b LUP 
100 |a Luppa, Vernon  |e (autor) 
245 1 0 |a Técnicas de Positivado en Color /  |c V. Luppa, J. Smalwood. 
264 |a Barcelona, España :  |b Folio,  |c 1982 
300 |a 96 p. 
336 |a texto  |b txt  |2 rdacontenido 
337 |a sin mediación  |b n  |2 rdamedio 
338 |a volumen  |b nc  |2 rdasoporte 
649 |a XX 
650 |a Arte 
650 |a Fotografía 
700 |a Smalwood, John  |e (autor) 
910 |a Fondo General 
920 |a Impresos - Libros 
930 |a Reserva Especial 
905 |a 103 
901 |a 0279580100  |b IT1  |c REE  |i 027958  |u 20250521 
902 |a https://opac.biblio.iteso.mx/vufind/Record/000027958